Normal view
MARC view
- INTERNET ADVERTISING INTERNET MARKETING ELECTRONIC COMMERCE WEB SITE-DESIGN MICROSOFT SOFTWARE
Entry Topical Term
001 - CONTROL NUMBER
- control field: 58683
003 - CONTROL NUMBER IDENTIFIER
- control field: NUST
005 - DATE AND TIME OF LATEST TRANSACTION
- control field: 20210628202206.0
008 - FIXED-LENGTH DATA ELEMENTS
- fixed length control field: 210628|| aca||aabn | a|a d
040 ## - CATALOGING SOURCE
- Original cataloging agency: NUST
- Transcribing agency: NUST
150 ## - HEADING--TOPICAL TERM
- Topical term or geographic name entry element: INTERNET ADVERTISING INTERNET MARKETING ELECTRONIC COMMERCE WEB SITE-DESIGN MICROSOFT SOFTWARE
670 ## - SOURCE DATA FOUND
- Source citation: Work cat.: (NUST): Scoppa, Andrew Libertone, David 58682, Microsoft site server 3.0, an e-commerce solution, 2000
